000
00327nam a22001457a 4500
008
210531b ||||| |||| 00| 0 eng d
020
_a
9780471589310
041
_a
eng
080
_a
311
082
_a
311
100
_a
55
101
_a
STA
245
_a
The Sciences an Integrated Approach
_c
James Trefil
942
_2
udc
_c
BK
999
_c
57876
_d
57876